Information Technology Law (Record no. 1189686)

MARC details
000 -LEADER
fixed length control field 00694nam a2200265Ia 4500
003 - CONTROL NUMBER IDENTIFIER
control field OSt
005 - DATE AND TIME OF LATEST TRANSACTION
control field 20221007110017.0
008 - FIXED-LENGTH DATA ELEMENTS--GENERAL INFORMATION
fixed length control field 221006b |||||||| |||| 00| 0 eng d
020 ## - INTERNATIONAL STANDARD BOOK NUMBER
International Standard Book Number 9780199299775
037 ## - SOURCE OF ACQUISITION
Terms of availability Textual
040 ## - CATALOGING SOURCE
Original cataloging agency LCO
Transcribing agency LCO
Language of cataloging eng
041 ## - LANGUAGE CODE
Source of code eng
Language code of text/sound track or separate title eng
100 ## - MAIN ENTRY--PERSONAL NAME
Personal name Lloyd Ian J.
9 (RLIN) 478921
245 #0 - TITLE STATEMENT
Title Information Technology Law
250 ## - EDITION STATEMENT
Edition statement 5th
260 ## - PUBLICATION, DISTRIBUTION, ETC.
Place of publication, distribution, etc. New
Name of publisher, distributor, etc. York Oxford University Press U.S.A.
Date of publication, distribution, etc. 2008
300 ## - PHYSICAL DESCRIPTION
Extent 597
650 ## - SUBJECT ADDED ENTRY--TOPICAL TERM
Topical term or geographic name entry element INFORMATION TECHNOLOGY LAW
9 (RLIN) 707013
942 ## - ADDED ENTRY ELEMENTS (KOHA)
Classification part Z2,267, P8
Koha item type Textual
Holdings
Withdrawn status Lost status Damaged status Not for loan Home library Current library Date acquired Total Checkouts Full call number Barcode Date last seen Price effective from Koha item type
        Law Centre-I Library Law Centre-I Library 2022-10-07   Z2,267 P8 LO1366624 2022-10-07 2022-10-07 Textual
Copyright @ Delhi University Library System